Skocznie narciarskie w PŚ 2019/20 - Statystyki

Ogólne statystyki
  • Ten quiz został rozwiązany 577 razy
  • Średni wynik to 32 z 39
Statystyki odpowiedzi
Typ konkursu Rozmiar Kraj Skocznia % Poprawnych
Drużynowy HS134 Polska Wisła
100%
Indywidualny HS134 Polska Wisła
100%
Drużynowy HS140 Polska Zakopane
97%
Indywidualny HS140 Polska Zakopane
97%
Drużynowy, MŚ w lotach HS240 Słowenia Planica
93%
Indywidualny, MŚ w lotach HS240 Słowenia Planica
93%
Drużynowy, Raw Air HS134 Norwegia Oslo
91%
Indywidualny, Raw Air HS134 Norwegia Oslo
91%
Indywidualny HS137 Japonia Sapporo
89%
Indywidualny HS137 Japonia Sapporo
89%
Indywidualny, TCS HS130 Austria Innsbruck
88%
Indywidualny, TCS HS137 Niemcy Oberstdorf
88%
Drużynowy, Raw Air HS240 Norwegia Vikersund
87%
Indywidualny, Raw Air HS240 Norwegia Vikersund
87%
Indywidualny HS140 Szwajcaria Engelberg
86%
Indywidualny HS140 Szwajcaria Engelberg
86%
Indywidualny, TCS HS142 Niemcy Garmisch-Partenkirchen
86%
Indywidualny HS130 Finlandia Lahti
85%
Drużynowy HS130 Finlandia Lahti
85%
Indywidualny HS130 Finlandia Lahti
85%
Indywidualny HS134 Rosja Niżny Tagił
85%
Indywidualny HS134 Rosja Niżny Tagił
85%
Indywidualny, WF HS145 Niemcy Willingen
85%
Indywidualny, WF HS145 Niemcy Willingen
85%
Indywidualny HS142 Finlandia Kuusamo
81%
Indywidualny HS142 Finlandia Kuusamo
81%
Indywidualny, Raw Air HS138 Norwegia Trondheim
78%
Indywidualny, TCS HS142 Austria Bischofshofen
73%
Indywidualny HS104 Włochy Predazzo
73%
Indywidualny HS104 Włochy Predazzo
73%
Indywidualny HS97 Rumunia Rasnov
73%
Indywidualny HS97 Rumunia Rasnov
73%
Indywidualny, Raw Air HS140 Norwegia Lillehammer
71%
Indywidualny, loty HS235 Austria Bad Mitterndorf
70%
Indywidualny, loty HS235 Austria Bad Mitterndorf
70%
Drużynowy HS140 Niemcy Klingenthal
69%
Indywidualny HS140 Niemcy Klingenthal
69%
Indywidualny, TNF HS142 Niemcy Titisee-Neustadt
52%
Indywidualny, TNF HS142 Niemcy Titisee-Neustadt
52%
Nie znaleziono quizów pasujących do podanych kryteriów
Rozkład punktacji
Procent ludzi z każdym wynikiem
Percentyl według liczby udzielonych odpowiedzi
Twoja historia wyników
Nie rozwiązałeś tego quizu